| 000 | 00407nam a22001457a 4500 | ||
|---|---|---|---|
| 040 | _cNUST | ||
| 082 |
_a342.4206 _bJAI |
||
| 100 |
_aJAIN ,M P _9123238 |
||
| 110 |
_aJAIN,S N _9123239 |
||
| 245 | _aPrinciples of Administrative Law, | ||
| 250 | _a4th Edition | ||
| 260 |
_aPakistan: _bNational Book Foundation Islamabad, _c2007. |
||
| 650 |
_aPrinciples of Administrative Law, _9123203 |
||
| 942 |
_2ddc _cBK |
||
| 999 |
_c609469 _d609469 |
||